000
00315nam a2200133Ia 4500
008
191201s2013 xx 000 0 und d
100
_a
PANDEY,I M
245
0
_a
Financial Management
250
_a
Rep
260
_c
2013
_b
Vikas Publication House
_a
N. delhi
300
_a
879
650
_a
MBA
942
_2
ddc
_c
BB
_0
143
999
_c
7590
_d
7590